Statistics for Close-Up Food #4

Click here to take the quiz!

General Stats

  • This quiz has been taken 91 times
  • The average score is 11 of 16

Answer Stats

Answer% Correct
Raspberry
97%
Cinnamon
93%
Cucumber
92%
Kiwi
92%
Sushi
90%
Eggplant
87%
Bacon
80%
Donut
77%
Broccoli
76%
Chicken Nuggets
62%
Mango
62%
Chocolate Chip Cookies
51%
Pecan
42%
Ice Cream Sandwich
34%
Starfruit
20%
Durian
13%

Score Distribution

Percentile by Number Answered

Percent of People with Each Score

Your Score History

You have not taken this quiz